Normal view MARC view
  • ANIMATION BASIC; 3D STUDIO

Entry Topical Term

Number of records used in: 1

001 - CONTROL NUMBER

  • control field: 59946

003 - CONTROL NUMBER IDENTIFIER

  • control field: NUST

005 - DATE AND TIME OF LATEST TRANSACTION

  • control field: 20210628202440.0

008 - FIXED-LENGTH DATA ELEMENTS

  • fixed length control field: 210628|| aca||aabn | a|a d

040 ## - CATALOGING SOURCE

  • Original cataloging agency: NUST
  • Transcribing agency: NUST

150 ## - HEADING--TOPICAL TERM

  • Topical term or geographic name entry element: ANIMATION BASIC; 3D STUDIO

670 ## - SOURCE DATA FOUND

  • Source citation: Work cat.: (NUST): Gross, Phil Gross, Mike 59945, Macromedia director 8.5 shock wave studio for 3d, training from the source, 2002
© 2023 Central Library, National University of Sciences and Technology. All Rights Reserved.